| 000 | 00671cam a2200133 4500500 | ||
|---|---|---|---|
| 005 | 20260111081821.0 | ||
| 041 | _afre | ||
| 042 | _adc | ||
| 245 | 0 | 0 | _aJOURDA-DARDAUD, Anne, Le droit syndical et le droit de grève dans la fonction publique territoriale. Paris (France) : Editions du Papyrus (www.editions-papyrus.com), 2004. (Les mementos de la FPT), ISBN:2-87603-139-6. 14 € |
| 260 | _c2005. | ||
| 500 | _a3 | ||
| 786 | 0 | _nRevue Internationale des Sciences Administratives | 71 | 1 | 2005-03-01 | p. 185l-190l | 0303-965X | |
| 856 | 4 | 1 | _uhttps://droit.cairn.info/revue-internationale-des-sciences-administratives-2005-1-page-185l?lang=fr&redirect-ssocas=7080 |
| 999 |
_c1616978 _d1616978 |
||